Answers Contain Knock - Statistics

General Stats
  • This quiz has been taken 88 times
  • The average score is 8 of 15
Answer Stats
Hint Answer % Correct
Who's there? Knock Knock
96%
The most disease resistant strain of rose on the market. Knock Out
90%
Pregnant Knocked Up
87%
Slang for a women's breasts Knockers
83%
Imitation of a designer product Knock Off
83%
Bob Dylan song covered by Guns N' Roses Knocking on Heavens Door
53%
A condition in which the knees are abnormally close together and the ankles wide apart Knockkneed
53%
Action to prevent "tempting fate" following a favorable observation or boast Knock on Wood
50%
A reality sports documentary series by NFL Films and HBO Hard Knocks
45%
To render unconscious Knock Cold
38%
Tony Orlando and Dawn Song Knock Three Times
27%
Slang for a violent fight Knock-Down-Drag-Out
18%
The Idiom for "your one chance to do something important or profitable" Opportunity Knocks Once
18%
The experiences of life, including hardships and disappointment School of Hard Knocks
14%
A small sloop with a mainsail, jib and keel but no bowsprit Knockabout
8%
No matching quizzes found
Score Distribution
Percent of People with Each Score
Percentile by Number Answered
Your Score History
You have not taken this quiz